[Event "Julian Mazur 2024"]
[Site "Wellington Chess Club"]
[Date "2024.08.15"]
[Round "3.17"]
[White "Hurndell, Robert"]
[Black "Hamilton, Marcus"]
[Result "1-0"]
[WhiteElo "1730"]
[BlackElo "1441"]
[WhiteFideId "4310233"]
[BlackFideId "0"]
[EventDate "2024.08.01"]
[SourceDate ""]

1. e4 e5 2. Nf3 Nc6 3. Bb5 a6 4. Ba4 b5 5. Bb3 Bb7 6. c3 Bd6 7. O-O Nf6 8. Re1
Ne7 9. d3 Qc8 10. Nbd2 Ng6 11. Nf1 Bc5 12. h3 b4 13. Ng3 h6 14. Nxe5 Nxe5 15.
d4 d6 16. dxc5 dxc5 17. f4 Nc6 18. e5 Nh7 19. e6 f6 20. Qh5+ 1-0

[Event "Julian Mazur 2024"]
[Site "Wellington Chess Club"]
[Date "2024.08.15"]
[Round "3.18"]
[White "Brockway, Andrew"]
[Black "Wong, Jaden"]
[Result "1-0"]
[WhiteElo "1713"]
[BlackElo "995"]
[WhiteFideId "4301340"]
[BlackFideId "0"]
[EventDate "2024.08.01"]
[SourceDate ""]

1. e4 e6 2. d4 d5 3. Nd2 c5 4. exd5 exd5 5. Ngf3 Bg4 6. Be2 Nf6 7. h3 Bxf3 8.
Nxf3 Nc6 9. c3 Be7 10. O-O O-O 11. Bg5 c4 12. Re1 Re8 13. Bf1 Qb6 14. Qc2 Ne4
15. Bxe7 Rxe7 16. Re3 Rae8 17. Rae1 Qb5 18. a4 Qa6 19. b4 b5 20. axb5 Qxb5 21.
Nd2 f5 22. Nxe4 fxe4 23. Be2 a5 24. bxa5 Nxa5 25. Bg4 g6 26. Rb1 Qa6 27. Qa4 h5
28. Bd1 Kf7 29. Rb5 Ra8 30. Rxd5 Nc6 31. Qxa6 Rxa6 32. Be2 Ra4 33. Rc5 Na5 34.
Kh2 Kf6 35. Kg3 Kg7 36. f3 Nb3 37. Rxc4 Rxc4 38. Bxc4 Nd2 39. Be2 g5 40. Kf2
Kf6 41. Ke1 Nb1 42. fxe4 g4 43. hxg4 hxg4 44. Bxg4 Na3 45. Bd1 Nc4 46. e5+ Kf5
47. Rf3+ Ke4 48. Bc2+ Kd5 49. Bb3 Rc7 50. g4 Ke4 51. Rh3 Kf4 52. Bxc4 Rxc4 53.
e6 Kxg4 54. Rd3 Rc6 55. d5 Rc8 56. d6 Re8 57. e7 Kf5 58. Re3 Kf6 59. d7 Rxe7
60. d8=Q Kf5 61. Qxe7 Kf4 62. Qe4+ Kg5 63. Qf3 Kg6 64. Re2 Kg5 65. Rg2+ Kh4 66.
Qg3+ Kh5 67. Rh2# 1-0

[Event "Julian Mazur 2024"]
[Site "Wellington Chess Club"]
[Date "2024.08.15"]
[Round "3.19"]
[White "Ulm, Eric"]
[Black "Bolster, Caolan"]
[Result "0-1"]
[WhiteElo "1473"]
[BlackElo "1706"]
[WhiteFideId "4325575"]
[BlackFideId "4319435"]
[EventDate "2024.08.01"]
[SourceDate ""]

1. e4 e5 2. Nf3 Nc6 3. Bb5 Nf6 4. Qe2 d6 5. d4 Bd7 6. d5 Ne7 7. Bxd7+ Qxd7 8.
Nc3 Ng6 9. Be3 Be7 10. h3 a6 11. O-O-O b5 12. Qd3 Nh5 13. g3 O-O 14. Rdg1 Rfb8
15. Ne2 a5 16. g4 Nhf4 17. Nxf4 Nxf4 18. Bxf4 exf4 19. Qd2 b4 20. h4 a4 21. g5
c6 22. Nd4 c5 23. Nc6 Rb6 24. h5 b3 25. cxb3 a3 26. Nxe7+ Qxe7 27. Qxf4 axb2+
28. Kxb2 Rba6 29. Ra1 Qa7 30. Kc3 Rxa2 31. Rxa2 Qxa2 32. Qxd6 Qxf2 33. Rb1 Qd4+
34. Kc2 Ra2+ 0-1

[Event "Julian Mazur 2024"]
[Site "Wellington Chess Club"]
[Date "2024.08.15"]
[Round "3.22"]
[White "Joseph, Joji Chacko"]
[Black "Ibbotson, Matt"]
[Result "0-1"]
[WhiteElo "1584"]
[BlackElo "1325"]
[WhiteFideId "4308816"]
[BlackFideId "0"]
[EventDate "2024.08.01"]
[SourceDate ""]

1. e4 g6 2. d4 d6 3. Nf3 Bg7 4. Be3 Nf6 5. Bd3 Nc6 6. c3 O-O 7. h3 b6 8. O-O
Bb7 9. Nbd2 e5 10. Re1 exd4 11. cxd4 Nb4 12. Bb1 Re8 13. Bg5 h6 14. Bh4 Qd7 15.
e5 Nh5 16. exd6 Rxe1+ 17. Qxe1 Re8 18. Ne4 Bxe4 19. Qxb4 Bxf3 20. gxf3 Qxh3 21.
d7 Nf4 22. dxe8=Q+ Kh7 23. Bxg6+ fxg6 24. Qg8+ Kxg8 25. Qc4+ Kh7 26. Qf1 Qxh4
27. Re1 Bxd4 28. Re4 Bxf2+ 29. Qxf2 Nh3+ 0-1

[Event "Julian Mazur 2024"]
[Site "Wellington Chess Club"]
[Date "2024.08.15"]
[Round "3.23"]
[White "Sethuramalingam, Niranjana"]
[Black "Bohme, Alex"]
[Result "0-1"]
[WhiteElo "1098"]
[BlackElo "1477"]
[WhiteFideId "4326415"]
[BlackFideId "2660270"]
[EventDate "2024.08.01"]
[SourceDate ""]

1. e4 c6 2. d4 d5 3. Nc3 dxe4 4. Nxe4 Nf6 5. Nxf6+ exf6 6. Bf4 Be7 7. c3 O-O 8.
Qa4 Be6 9. Bc4 b5 10. Bxb5 cxb5 11. Qxb5 Qd5 12. Qd3 Qxg2 13. O-O-O Qxh1 14.
Nh3 Qd5 15. b3 Ba3+ 16. Kd2 Nc6 17. Ke2 Qh5+ 18. Kd2 Qxh3 19. Qe4 Qg4 20. f3
Qg2+ 21. Ke1 Rfe8 22. Rd2 Qg1+ 23. Ke2 Bd5 24. Qxe8+ Rxe8+ 25. Kd3 Bc1 26. Re2
Qd1+ 27. Rd2 Bxd2 28. Bxd2 Re2 29. c4 Qxd2# 0-1

[Event "Julian Mazur 2024"]
[Site "Wellington Chess Club"]
[Date "2024.08.15"]
[Round "3.24"]
[White "Pham, Anthony"]
[Black "Lavender, Ariel J"]
[Result "0-1"]
[WhiteElo "1151"]
[BlackElo "1547"]
[WhiteFideId "0"]
[BlackFideId "0"]
[EventDate "2024.08.01"]
[SourceDate ""]

1. e4 c5 2. Bc4 e6 3. Nf3 Nf6 4. d3 a6 5. d4 Nxe4 6. Be3 d5 7. Be2 Nd7 8. c3
Be7 9. h3 Qc7 10. Bd3 Ndf6 11. Nbd2 Bd6 12. Bxe4 dxe4 13. Ng5 cxd4 14. Bxd4 e5
15. Be3 Bf5 16. g4 Bg6 17. h4 h6 18. Nh3 Qd7 19. g5 Bh5 20. Qc2 Qg4 21. Ng1 Qg2
22. gxf6 Qxh1 23. f3 exf3 24. O-O-O f2 25. Ne4 Bxd1 26. Qxd1 Qxg1 27. Nxd6+ Kd7
28. Nxf7+ Qxd1+ 29. Kxd1 f1=Q+ 30. Kd2 gxf6 31. Nxh8 Rxh8 0-1

[Event "Julian Mazur 2024"]
[Site "Wellington Chess Club"]
[Date "2024.08.15"]
[Round "3.25"]
[White "Cao, Sam"]
[Black "Hupert, Leo"]
[Result "0-1"]
[WhiteElo "1058"]
[BlackElo "1389"]
[WhiteFideId "4325591"]
[BlackFideId "0"]
[EventDate "2024.08.01"]
[SourceDate ""]

1. e4 e5 2. Nf3 Bc5 3. Nxe5 Qf6 4. Nf3 d6 5. h3 Nc6 6. Bb5 Bd7 7. O-O Nd4 8.
Bxd7+ Kxd7 9. Nxd4 Bxd4 10. d3 Re8 11. c3 Bb6 12. Be3 Kc8 13. Bxb6 cxb6 14. Re1
Ne7 15. d4 Nc6 16. d5 Ne5 17. Qd4 Qg6 18. Nd2 Rhf8 19. f4 Nd7 20. f5 Qg3 21.
Qe3 Qxe3+ 22. Rxe3 Nc5 23. Rf1 b5 24. f6 g6 25. b4 Nd7 26. c4 bxc4 27. Nxc4 Kc7
28. Rf4 b5 29. Nd2 Kb6 30. Rc3 Rc8 31. Rxc8 Rxc8 32. Nb3 Ne5 33. Rh4 h5 34. g4
Nf3+ 0-1

[Event "Julian Mazur 2024"]
[Site "Wellington Chess Club"]
[Date "2024.08.15"]
[Round "3.26"]
[White "Miriyala, Sreenikesh"]
[Black "Thingbaijam, Conan"]
[Result "0-1"]
[WhiteElo "948"]
[BlackElo "1325"]
[WhiteFideId "4325532"]
[BlackFideId "4326792"]
[EventDate "2024.08.01"]
[SourceDate ""]

1. e4 e5 2. Nf3 Nc6 3. d4 d5 4. exd5 Qxd5 5. Be3 exd4 6. Nxd4 Nxd4 7. Bxd4 c5
8. Qe2+ Qe6 9. Qxe6+ Bxe6 10. Bb5+ Bd7 11. Bxd7+ Kxd7 12. Be3 Re8 13. O-O Nf6
14. Rd1+ Kc8 15. Nc3 Be7 16. Na4 b6 17. Rac1 Rd8 18. c3 Rxd1+ 19. Rxd1 Rd8 20.
Rxd8+ Kxd8 21. Kf1 Nd7 22. b3 b5 23. Nb2 Kc7 24. Ke2 Bf6 25. Kd3 b4 26. Na4
bxc3 27. Nxc3 Kc6 28. Kc4 $4 Ne5# 0-1

[Event "Julian Mazur 2024"]
[Site "Wellington Chess Club"]
[Date "2024.08.15"]
[Round "3.27"]
[White "Pickering, Dean"]
[Black "Fairbrother, Rebecca"]
[Result "1-0"]
[WhiteElo "1274"]
[BlackElo "802"]
[WhiteFideId "0"]
[BlackFideId "0"]
[EventDate "2024.08.01"]
[SourceDate ""]

1. e4 e5 2. Nf3 Nc6 3. Bb5 a6 4. Ba4 Bc5 5. O-O Nf6 6. d3 O-O 7. Nc3 d6 8. Bg5
Bg4 9. Nd5 Nd4 10. Bxf6 Nxf3+ 11. gxf3 Bxf3 12. Qxf3 Qc8 13. Ne7+ Kh8 14. Nxc8
Raxc8 15. Be7 Rg8 16. Qxf7 b5 17. Bb3 c6 18. Kh1 a5 19. Rg1 g6 20. Bf6+ Rg7 21.
Qxg7# 1-0

[Event "Julian Mazur 2024"]
[Site "Wellington Chess Club"]
[Date "2024.08.22"]
[Round "4.1"]
[White "Ker, Anthony F"]
[Black "Croad, Nicolas"]
[Result "0-1"]
[WhiteElo "2384"]
[BlackElo "2394"]
[WhiteFideId "4300084"]
[BlackFideId "4300793"]
[EventDate "2024.08.01"]
[SourceDate ""]

1. e4 e5 2. d4 exd4 3. Nf3 Nc6 4. Bc4 Nf6 5. e5 d5 6. Bb5 Ne4 7. Nxd4 Bc5 8.
Be3 Bd7 9. Bxc6 bxc6 10. O-O Bb6 11. f3 Nc5 12. f4 O-O 13. c4 a5 14. Kh1 Re8
15. Nc3 dxc4 16. Qe2 Nd3 17. b3 Bg4 18. Nf3 f6 19. h3 Bh5 20. g4 Bf7 21. Rad1
fxe5 22. fxe5 Qe7 23. bxc4 Nxe5 24. Bxb6 Bxc4 25. Qxe5 Qxe5 26. Nxe5 Bxf1 27.
Bxc7 Ba6 28. Kh2 Rac8 29. Bd6 Re6 30. Kg3 h6 31. h4 Rce8 32. Kf4 Rf6+ 33. Ke4
c5 34. Ke3 Bb7 35. Ne4 Rxd6 36. Nxd6 Rxe5+ 37. Kf4 Rd5 38. Rxd5 Bxd5 39. a3 a4
40. Ke5 Bb3 41. Ne4 c4 42. Kd4 Kf7 43. Nd6+ Kg6 44. Nxc4 Bxc4 45. Kxc4 h5 46.
g5 Kf5 47. Kb4 Kg4 48. Kxa4 Kxh4 0-1

[Event "Julian Mazur 2024"]
[Site "Wellington Chess Club"]
[Date "2024.08.22"]
[Round "4.2"]
[White "Young, Cohen"]
[Black "Winter, Ryan"]
[Result "1-0"]
[WhiteElo "2136"]
[BlackElo "2289"]
[WhiteFideId "4317440"]
[BlackFideId "4306295"]
[EventDate "2024.08.01"]
[SourceDate ""]

1. d4 Nf6 2. c4 e6 3. Nc3 Bb4 4. Qc2 Nc6 5. Nf3 d6 6. e4 e5 7. d5 Bxc3+ 8. Qxc3
Ne7 9. Bd3 O-O 10. h3 a5 11. g4 Ng6 12. Be3 Nd7 13. O-O-O Qf6 14. Nd2 Nf4 15.
Rdg1 c6 16. g5 Qe7 17. Kb1 Nc5 18. Bxf4 exf4 19. h4 b5 20. cxb5 cxb5 21. Bc2 f6
22. gxf6 Qxf6 23. Qxf6 Rxf6 24. Nf3 Bd7 25. e5 dxe5 26. Nxe5 Be8 27. Rc1 Nd7
28. Nxd7 Bxd7 29. Rhe1 Rd8 30. Re5 Re8 31. Rxe8+ Bxe8 32. Be4 Kf8 33. Kc2 Ke7
34. Kd3 Kd6 35. Kd4 Bd7 36. Bd3 Rh6 37. Rg1 g6 38. Rh1 g5 39. h5 g4 40. Ke4 Rf6
41. Kd4 h6 42. Rg1 Rf8 43. Be2 f3 44. Bd3 Rf4+ 45. Ke3 Rb4 46. b3 a4 47. Bc2
Kxd5 48. Rd1+ Ke6 49. Rd3 axb3 50. Bxb3+ Ke5 51. Rd5+ Kf6 52. Rxd7 Ke5 53. Rd5+
Kf6 54. Rc5 1-0

[Event "Julian Mazur 2024"]
[Site "Wellington Chess Club"]
[Date "2024.08.22"]
[Round "4.3"]
[White "Winsley, Nicholas"]
[Black "Wilkins, Mark"]
[Result "1-0"]
[WhiteElo "2086"]
[BlackElo "1906"]
[WhiteFideId "4315146"]
[BlackFideId "4302389"]
[EventDate "2024.08.01"]
[SourceDate ""]

1. e4 c5 2. Nf3 g6 3. d4 cxd4 4. Nxd4 Bg7 5. c4 Nc6 6. Be3 Nf6 7. Nc3 O-O 8.
Be2 d6 9. O-O a6 10. Rc1 Bd7 11. f4 Qc8 12. Nd5 Qd8 13. Nxc6 bxc6 14. Bb6 Qb8
15. Nxe7+ Kh8 16. Bd4 Re8 17. e5 Ne4 18. Bf3 Rxe7 19. Bxe4 dxe5 20. Bc5 Qe8 21.
Bxe7 Qxe7 22. f5 Rd8 23. Qf3 Bh6 24. Rcd1 Rb8 25. b3 Be8 26. Kh1 f6 27. fxg6
hxg6 28. Qxf6+ Qxf6 29. Rxf6 Kg7 30. Rfd6 Rc8 31. Rd8 1-0

[Event "Julian Mazur 2024"]
[Site "Wellington Chess Club"]
[Date "2024.08.22"]
[Round "4.5"]
[White "Darr, Samuel"]
[Black "Archer, Ollie"]
[Result "0-1"]
[WhiteElo "1679"]
[BlackElo "2192"]
[WhiteFideId "4306120"]
[BlackFideId "4317262"]
[EventDate "2024.08.01"]
[SourceDate ""]

1. e4 c6 2. d4 d5 3. exd5 cxd5 4. c4 Nf6 5. Nc3 Nc6 6. Nf3 Be6 7. Bg5 g6 8.
Bxf6 exf6 9. cxd5 Bxd5 10. Nxd5 Qxd5 11. Bd3 Bb4+ 12. Kf1 O-O 13. b3 Bc3 14.
Rc1 Bxd4 15. Rxc6 Qxc6 16. Nxd4 Qd7 17. Bb5 Qd6 18. Qa1 Rfd8 19. Nf3 Rac8 20.
g3 Rc2 21. a4 Qc5 0-1

[Event "Julian Mazur 2024"]
[Site "Wellington Chess Club"]
[Date "2024.08.22"]
[Round "4.6"]
[White "Winsley, Daniel"]
[Black "Sellen, Ian"]
[Result "1/2-1/2"]
[WhiteElo "1781"]
[BlackElo "2001"]
[WhiteFideId "4315138"]
[BlackFideId "4300610"]
[EventDate "2024.08.01"]
[SourceDate ""]

1. e4 e5 2. Nf3 Nc6 3. Bb5 a6 4. Ba4 d6 5. O-O {Opening: C72: Ruy Lopez, Morphy
Defense, Modern Steinitz Defense O-O} 5... Be7 6. h3 Nf6 7. Re1 b5 8. Bb3 Na5
9. d3 O-O 10. Be3 Nxb3 11. axb3 c5 12. Nc3 Bd7 13. Nh2 b4 14. Ne2 d5 15. Ng3
dxe4 16. dxe4 Qc7 17. Nf3 Rfd8 18. Nd2 Be6 19. Qe2 a5 20. Red1 a4 21. Rxa4 Rxa4
22. bxa4 c4 23. b3 cxb3 24. Nxb3 Rc8 25. Rd2 Qc3 26. Nf5 Bf8 27. Rd3 Qc6 28.
Qd1 Nxe4 29. Qf3 Nf6 30. Qxc6 Rxc6 31. Ng3 Rxc2 32. Nc5 Bd5 33. Nd7 b3 34.
Nxf6+ gxf6 35. Rxd5 b2 36. Rd1 Bc5 37. Bh6 Bf8 38. Be3 Bc5 39. Bh6 Bf8 40. Be3
1/2-1/2

[Event "Julian Mazur 2024"]
[Site "Wellington Chess Club"]
[Date "2024.08.22"]
[Round "4.7"]
[White "Stoeveken, Peter"]
[Black "Nicholls, Leighton"]
[Result "1/2-1/2"]
[WhiteElo "1743"]
[BlackElo "1961"]
[WhiteFideId "4304098"]
[BlackFideId "4303776"]
[EventDate "2024.08.01"]
[SourceDate ""]

1. e4 e6 2. d4 d5 3. exd5 exd5 4. Nf3 Nf6 5. Bg5 Be7 6. Bd3 Bg4 7. O-O O-O 8.
c3 Nbd7 9. Nbd2 Re8 10. Re1 c5 11. Qc2 h6 12. Bh4 Rc8 13. h3 Be6 14. Re2 cxd4
15. Nxd4 Nc5 16. Ree1 Bd7 17. Bf5 Bxf5 18. Qxf5 Nfe4 19. Bxe7 Rxe7 20. Nxe4
Rxe4 21. Rxe4 dxe4 22. Qg4 Rc7 23. Nf5 Qg5 24. Qxg5 hxg5 25. Nd4 {(=)} 1/2-1/2

[Event "Julian Mazur 2024"]
[Site "Wellington Chess Club"]
[Date "2024.08.22"]
[Round "4.8"]
[White "Chang, Luke"]
[Black "Brockway, Andrew"]
[Result "1-0"]
[WhiteElo "1930"]
[BlackElo "1713"]
[WhiteFideId "4325605"]
[BlackFideId "4301340"]
[EventDate "2024.08.01"]
[SourceDate ""]

1. e4 c6 2. d4 d5 3. Nc3 dxe4 4. Nxe4 Nd7 5. Nf3 Ngf6 6. Nxf6+ Nxf6 7. Bd3 Bg4
8. c3 e6 9. O-O Be7 10. h3 Bh5 11. Qe2 O-O 12. Bg5 Qa5 13. g4 Bg6 14. Bxg6 hxg6
15. Bxf6 Bxf6 16. Rfe1 Rac8 17. b4 Qd8 18. Qe4 a5 19. a3 axb4 20. axb4 Ra8 21.
Nh2 Qd5 22. Qxd5 exd5 23. Nf3 b5 24. Rxa8 Rxa8 25. g5 Bd8 26. Re8+ Kh7 27. Ne5
Ra1+ 28. Kg2 1-0

[Event "Julian Mazur 2024"]
[Site "Wellington Chess Club"]
[Date "2024.08.22"]
[Round "4.10"]
[White "Benitez, Edgar"]
[Black "Evans, Oliver"]
[Result "1-0"]
[WhiteElo "1862"]
[BlackElo "1573"]
[WhiteFideId "4301315"]
[BlackFideId "4311949"]
[EventDate "2024.08.01"]
[SourceDate ""]

1. d4 e6 2. c4 Nf6 3. Nf3 Bb4+ 4. Bd2 Bxd2+ 5. Nbxd2 d5 6. e3 O-O 7. Bd3 Nbd7
8. Qc2 h6 9. O-O c6 10. Rad1 Re8 11. Rfe1 Qc7 12. e4 dxc4 13. Nxc4 Nf8 14. e5
Nd5 15. a3 Re7 16. Nd6 a6 17. Rc1 Bd7 18. Nd2 Rb8 19. Be4 f5 20. Bf3 g5 21. Qb3
Ng6 22. Nxf5 exf5 23. Bxd5+ Kg7 24. Bc4 b5 25. Bf1 Be6 26. Qc2 Rd8 27. Qxc6
Qxc6 28. Rxc6 Rxd4 29. Nf3 Re4 30. Rxe4 fxe4 31. Nd4 Bd7 32. Rxa6 Nxe5 33. h3
Nd3 34. b4 g4 35. hxg4 Bxg4 36. Nxb5 Rf7 37. Ra7 Bd7 38. Nd6 Rxf2 39. Rxd7+ Kf8
40. Bxd3 e3 41. Nc4 {(time)} 1-0

[Event "Julian Mazur 2024"]
[Site "Wellington Chess Club"]
[Date "2024.08.22"]
[Round "4.11"]
[White "Ulm, Joy"]
[Black "Malcolm, Aidan"]
[Result "0-1"]
[WhiteElo "1890"]
[BlackElo "1859"]
[WhiteFideId "4321081"]
[BlackFideId "4315073"]
[EventDate "2024.08.01"]
[SourceDate ""]

1. d4 Nf6 2. c4 e6 3. Nc3 Bb4 4. e3 O-O 5. Bd3 d5 6. Ne2 c5 7. O-O dxc4 8. Bxc4
Nc6 9. a3 Bxc3 10. bxc3 Qc7 11. Qc2 Rd8 12. Rd1 b6 13. Rb1 Na5 14. Bd3 Bb7 15.
dxc5 Qxc5 16. Bb2 Qg5 17. Ng3 h5 18. Ne4 Qh6 19. Nxf6+ Qxf6 20. Be4 Bxe4 21.
Qxe4 Rac8 22. h3 Nc4 23. Rxd8+ Qxd8 24. Qd4 Qc7 25. Ba1 Nxa3 26. Rc1 Nc4 27.
Rd1 Kf8 28. Qd7 Ne5 29. Qxc7 Rxc7 30. Rd8+ Ke7 31. Rd2 Nc4 32. Ra2 Kd6 33. Kf1
Kc5 34. Ke2 Rd7 35. h4 f6 36. f3 a5 37. g4 hxg4 38. fxg4 Ne5 39. g5 fxg5 40.
hxg5 Nc4 41. Kf3 Rd3 42. Re2 Rd1 43. Ra2 Re1 44. Re2 Rxa1 0-1

[Event "Julian Mazur 2024"]
[Site "Wellington Chess Club"]
[Date "2024.08.22"]
[Round "4.13"]
[White "Marney, John"]
[Black "Munim, Ahmed"]
[Result "0-1"]
[WhiteElo "1696"]
[BlackElo "1542"]
[WhiteFideId "0"]
[BlackFideId "0"]
[EventDate "2024.08.01"]
[SourceDate ""]

1. e4 c5 2. Nf3 d6 3. d4 cxd4 4. Nxd4 Nf6 5. Nc3 g6 6. Be3 Bg7 7. f3 O-O 8. Qd2
Bd7 9. O-O-O Nc6 10. Kb1 a5 11. g4 a4 12. a3 Na5 13. h4 h5 14. gxh5 Nxh5 15. f4
Ng3 16. Rg1 Nxf1 17. Rdxf1 Nc4 18. Qe2 Nxe3 19. Qxe3 Qb6 20. Rd1 Qa7 21. h5 e5
22. fxe5 dxe5 23. Nf5 Bxf5 24. Qxa7 Rxa7 25. exf5 gxf5 26. h6 Kh7 27. hxg7 Rg8
28. Rd7 Rxg7 29. Rxg7+ Kxg7 30. Nb5 Ra8 31. Nd6 Rf8 32. Nxf5+ Kg6 33. Nd6 f5
34. Rxb7 e4 35. Re7 Kf6 36. Ra7 e3 37. Ne4+ fxe4 38. Rxa4 Kf5 39. Kc1 Rd8 40.
Ra5+ Kf4 41. Ra7 e2 42. Rf7+ Ke3 0-1

[Event "Julian Mazur 2024"]
[Site "Wellington Chess Club"]
[Date "2024.08.22"]
[Round "4.14"]
[White "List, Robert"]
[Black "Kvindt, Maxim"]
[Result "0-1"]
[WhiteElo "1653"]
[BlackElo "1377"]
[WhiteFideId "4303490"]
[BlackFideId "0"]
[EventDate "2024.08.01"]
[SourceDate ""]

1. e4 e6 2. d4 d5 3. e5 c5 4. c3 Nc6 5. Nf3 Bd7 6. Bd3 cxd4 7. cxd4 Bb4+ 8. Nc3
Qb6 9. O-O Nxd4 10. Nxd4 Qxd4 11. Nb5 Qxe5 12. Bd2 Bxd2 13. Qxd2 Ne7 14. Qb4
Nc8 15. Rfe1 Qb8 16. Rac1 Bc6 17. Qc5 a6 18. Nd4 Ne7 19. Nxc6 Nxc6 20. Qxd5 Nb4
21. Qe4 Nxd3 22. Qxd3 O-O 23. Re3 Rd8 24. Qe4 Qd6 25. Rcc3 f5 26. Qd3 Qxd3 27.
Rcxd3 Rxd3 28. Rxd3 Rc8 29. Kf1 Kf7 30. Rd7+ Kf6 31. Rxb7 Rc2 32. g3 h5 33. Kg2
g6 34. a4 a5 35. b3 Rc5 36. Rb5 Rxb5 37. axb5 Ke7 38. Kf3 e5 39. Ke3 Kd6 0-1

[Event "Julian Mazur 2024"]
[Site "Wellington Chess Club"]
[Date "2024.08.22"]
[Round "4.16"]
[White "Aldridge, Alan L"]
[Black "Bicalho, Frederico Meneses"]
[Result "0-1"]
[WhiteElo "1822"]
[BlackElo "1500"]
[WhiteFideId "4301528"]
[BlackFideId "44794835"]
[EventDate "2024.08.01"]
[SourceDate ""]

1. d4 Nf6 2. c4 e6 3. Nc3 Bb4 4. a3 Bxc3+ 5. bxc3 c5 6. Nf3 b6 7. Bg5 Bb7 8. e3
h6 9. Bh4 Nc6 10. Rb1 Na5 11. Bxf6 Qxf6 12. Be2 d6 13. O-O O-O 14. Nd2 cxd4 15.
cxd4 Rac8 16. Rc1 Rc7 17. Nb3 Qg5 18. g3 Nxc4 19. f4 Qf5 20. Bd3 Qh3 21. Qe2
Rfc8 22. e4 d5 23. f5 Nd6 24. fxe6 Qxe6 25. Rxc7 Rxc7 26. e5 Nc4 27. Bf5 Qe7
28. Rf4 g6 29. Bc2 Nxa3 30. Bd3 Rc3 31. Nd2 Bc8 32. Rf6 Nc2 33. Nf3 Nb4 34.
Bxg6 fxg6 35. Qd2 Rxf3 36. Rxf3 Kg7 37. Rf6 Bf5 38. h4 Nc2 39. Qc3 b5 40. h5 b4
41. Qc6 Nxd4 42. Qxd5 Ne6 43. hxg6 Qc5+ 44. Qxc5 Nxc5 45. Rxf5 Kxg6 46. Rf8 a5
47. Kf2 b3 48. Ke1 a4 49. Kd1 a3 50. e6 Nxe6 51. Ra8 a2 52. Kc1 Nd4 53. Kb2 Nc2
54. Kxb3 a1=Q 55. Rxa1 Nxa1+ 56. Kb2 Kg5 57. Kxa1 Kg4 58. Kb2 Kxg3 59. Kc2 h5
60. Kd3 h4 0-1

[Event "Julian Mazur 2024"]
[Site "Wellington Chess Club"]
[Date "2024.08.22"]
[Round "4.17"]
[White "Osborne, Geoff"]
[Black "Saglam, Yigit"]
[Result "0-1"]
[WhiteElo "1517"]
[BlackElo "1810"]
[WhiteFideId "4311485"]
[BlackFideId "0"]
[EventDate "2024.08.01"]
[SourceDate ""]

1. e4 c6 2. c4 d6 3. d4 Nf6 4. Nc3 g6 5. Nf3 Bg7 6. Bd3 O-O 7. h3 Nbd7 8. O-O
e5 9. d5 Nc5 10. Bc2 Nh5 11. Be3 Nf4 12. Bxf4 exf4 13. Qd2 Qf6 14. Rab1 Re8 15.
Rfe1 g5 16. Nh2 h5 17. Qe2 Qh6 18. Bd1 Bxc3 19. bxc3 Rxe4 20. Qd2 Rxe1+ 21.
Qxe1 Bf5 22. Rb2 Nd3 23. Qd2 Nxb2 24. Qxb2 cxd5 25. Qxb7 Re8 26. Nf1 dxc4 27.
Ba4 Re1 0-1

[Event "Julian Mazur 2024"]
[Site "Wellington Chess Club"]
[Date "2024.08.22"]
[Round "4.21"]
[White "Tan, Jin"]
[Black "Ulm, Eric"]
[Result "1-0"]
[WhiteElo "1582"]
[BlackElo "1473"]
[WhiteFideId "4320972"]
[BlackFideId "4325575"]
[EventDate "2024.08.01"]
[SourceDate ""]

1. e4 d5 2. exd5 Nf6 3. Nf3 Bg4 4. c4 e6 5. dxe6 Bxe6 6. Nc3 Qe7 7. Qa4+ Nc6 8.
Be2 O-O-O 9. O-O h5 10. d4 Nxd4 11. Nxd4 Rxd4 12. Qxa7 c5 13. Be3 Rxc4 14. Bxc4
Bxc4 15. Qa8+ Kc7 16. Bf4+ Kc6 17. Qa4+ b5 18. Qa6+ Kd7 19. Qb7+ Ke8 20. Rfe1
Be6 21. Qxb5+ Nd7 22. Nd5 Qd8 23. Nc7+ 1-0

[Event "Julian Mazur 2024"]
[Site "Wellington Chess Club"]
[Date "2024.08.22"]
[Round "4.23"]
[White "Wong, Jaden"]
[Black "Rose, Jim"]
[Result "0-1"]
[WhiteElo "995"]
[BlackElo "1522"]
[WhiteFideId "0"]
[BlackFideId "4326776"]
[EventDate "2024.08.01"]
[SourceDate ""]

1. e4 d6 2. d4 Nf6 3. Nc3 g6 4. Nf3 Bg7 5. Be3 O-O 6. Bd3 Bg4 7. h3 Bxf3 8.
Qxf3 c6 9. d5 cxd5 10. exd5 Nbd7 11. O-O Qa5 12. Bd4 Qc7 13. Nb5 Qd8 14. b4 a6
15. Nc3 Qc7 16. a4 e5 17. Ne2 exd4 18. Nxd4 Ne5 19. Qg3 Nxd5 20. Rab1 Nc3 21.
Ra1 Nxd3 22. Qxd3 Bxd4 23. Qxd4 Ne2+ 24. Kh1 Nxd4 0-1

[Event "Julian Mazur 2024"]
[Site "Wellington Chess Club"]
[Date "2024.08.22"]
[Round "4.24"]
[White "Sethuramalingam, Niranjana"]
[Black "Joseph, Joji Chacko"]
[Result "0-1"]
[WhiteElo "1098"]
[BlackElo "1584"]
[WhiteFideId "4326415"]
[BlackFideId "4308816"]
[EventDate "2024.08.01"]
[SourceDate ""]

1. e4 c5 2. Nf3 Nc6 3. Nc3 g6 4. d4 cxd4 5. Nxd4 Bg7 6. Nxc6 bxc6 7. Bd2 Nf6 8.
Qf3 O-O 9. e5 Ne8 10. Nb5 Bxe5 11. Bh6 Bxb2 12. Bxf8 Bxa1 13. Bh6 Rb8 14. Bc4
d5 15. Bd3 Rxb5 16. Bxb5 Qa5+ 17. Kd1 Qxb5 18. Kd2 Qa5+ 19. Kd1 Qxa2 20. Kd2
Bf5 21. Rxa1 Qxa1 22. g4 Qd4+ 23. Kc1 Bxg4 24. Qg2 Nd6 25. Be3 Qa1+ 26. Kd2
Ne4+ 27. Kd3 Qc3# 0-1

[Event "Julian Mazur 2024"]
[Site "Wellington Chess Club"]
[Date "2024.08.22"]
[Round "4.27"]
[White "Miriyala, Sreenikesh"]
[Black "Qin, Dan"]
[Result "0-1"]
[WhiteElo "948"]
[BlackElo "1177"]
[WhiteFideId "4325532"]
[BlackFideId "0"]
[EventDate "2024.08.01"]
[SourceDate ""]

1. e4 c6 2. d4 d5 3. exd5 cxd5 4. Nf3 Bg4 5. h3 Bxf3 6. Qxf3 Nc6 7. Bb5 e6 8.
Bxc6+ bxc6 9. O-O Nf6 10. Bg5 Be7 11. c4 O-O 12. Be3 Qb6 13. Qe2 Rab8 14. Bc1
Qxd4 15. Na3 Bxa3 16. bxa3 Qxa1 17. Bf4 Rb1 18. Bc1 Rxc1 19. Rxc1 Qxc1+ 20. Kh2
Qxc4 21. Qb2 Qb5 22. Qxb5 cxb5 23. Kg3 Rc8 24. Kf4 Rc2 25. Ke5 Rxa2 26. Kd4
Rxa3 27. Ke5 b4 28. Kf4 b3 29. f3 b2 30. Kg3 b1=Q 31. Kf2 Ra2+ 32. Ke3 Qg1+ 33.
Kf4 Qxg2 34. Ke3 Ra3+ 35. Kf4 Qxf3+ 36. Kg5 Qxh3 37. Kf4 Rf3+ 38. Ke5 a5 39.
Kd6 a4 40. Ke7 a3 41. Kd8 a2 42. Ke7 a1=Q 43. Kd8 Qa8+ 44. Ke7 Qe8+ 45. Kd6
Qg3+ 46. Kc5 Rc3+ 47. Kb6 Qeb8+ 0-1

[Event "Julian Mazur 2024"]
[Site "Wellington Chess Club"]
[Date "2024.08.22"]
[Round "4"]
[White "Dey, Kyle"]
[Black "Forster, Bill"]
[Result "0-1"]
[WhiteElo "1073"]
[BlackElo "1965"]
[WhiteFideId "4325532"]
[BlackFideId "0"]
[EventDate "2024.08.01"]
[SourceDate ""]

{An unrated round 4 training game, not officially part of the tournament} 1. e4
c5 2. Nc3 g6 3. Bc4 Bg7 4. Nge2 e5 5. O-O Ne7 6. d3 d6 7. Bd2 O-O 8. Nd5 Be6 9.
Nxe7+ Qxe7 10. Bb5 Nc6 11. Bxc6 bxc6 12. c4 f5 13. Qb3 Rab8 14. Qc2 f4 15. g3
f3 16. Nc3 Bh3 17. Rfd1 Qd7 18. Be3 Bg2 19. b3 Qh3 20. Rf1 Bxf1 21. Rxf1 Qg2#
0-1